Kuwait food & drink report Q1 2010 : Includes 5-year forecasts to 2014.
| Format: | Book |
|---|---|
| Published: |
London:
Business Monitor International,
2009.
|
| Series: | Part of BMI's industry report & forecasts series
|
| Subjects: |
| LEADER | 00546cam a2200169 7i4500 | ||
|---|---|---|---|
| 001 | 0000025797 | ||
| 005 | 20110126090000.0 | ||
| 022 | 0 | 0 | |a 1749-2793 |
| 090 | 0 | 0 | |a P 641.3 |b KUW |
| 245 | 0 | 0 | |a Kuwait food & drink report Q1 2010 : |b Includes 5-year forecasts to 2014. |
| 260 | 0 | 0 | |a London: |b Business Monitor International, |c 2009. |
| 300 | # | # | |a 68 p. |
| 440 | 0 | 0 | |a Part of BMI's industry report & forecasts series |
| 650 | 0 | 0 | |a Food -- |z Kuwait |
| 650 | 0 | 0 | |a Beverages -- |z Kuwait |
| 651 | 0 | 0 | |a Kuwait |
| 999 | |a 0000027239 |b Book |c Products |e Business Information Centre | ||